000 00307pab a2200133 454500
008 180718b1988 xxu||||| |||| 00| 0 eng d
245 _aUrbanisation and slums in India
260 _c1988
300 _a4-69
362 _aDec.
650 _aUrbanisation - India
773 _aSocial Change
909 _a20195
999 _c20195
_d20195